Monografía de las aguas sulfo, selénido hídricas, arseniadas, bicarbonatadas alcalino-térreo, metalicas de Carrataca / (Record no. 164444)

MARC details
000 -LEADER
campo de control de longitud fija 00962nam a22002175i 4500
001 - NÚMERO DE CONTROL
campo de control 164444
003 - IDENTIFICADOR DE NÚMERO DE CONTROL
campo de control ES-MaACL
005 - FECHA Y HORA DE LA ÚLTIMA TRANSACCIÓN
campo de control 20250806050954.0
008 - DATOS DE LONGITUD FIJA--INFORMACIÓN GENERAL
campo de control de longitud fija 000425s1860 sp |||| | spa d
040 ## - FUENTE DE CATALOGACIÓN
Centro catalogador/agencia de origen CAM
Lengua de catalogación spa
Centro/agencia transcriptor CAM
100 1# - ENTRADA PRINCIPAL--NOMBRE DE PERSONA
Nombre de persona Salgado y Guillermo, José.
9 (RLIN) 132331
245 10 - MENCIÓN DEL TÍTULO
Título Monografía de las aguas sulfo, selénido hídricas, arseniadas, bicarbonatadas alcalino-térreo, metalicas de Carrataca /
Mención de responsabilidad, etc. por José Salgado y Guillermo.
260 ## - PUBLICACIÓN, DISTRIBUCIÓN, ETC.
Lugar de publicación, distribución, etc. Madrid :
Nombre del editor, distribuidor, etc. [s.n.],
Fecha de publicación, distribución, etc. 1860 (
Fabricante Imprenta de Manuel Minuesa)
300 ## - DESCRIPCIÓN FÍSICA
Extensión XVI, 267, [5] p., [1] h. de grab. pleg. ;
Dimensiones 23 cm.
650 #7 - PUNTO DE ACCESO ADICIONAL DE MATERIA--TÉRMINO DE MATERIA
Término de materia o nombre geográfico como elemento de entrada Aguas minerales
Fuente del encabezamiento o término embne
9 (RLIN) 135517
650 #4 - PUNTO DE ACCESO ADICIONAL DE MATERIA--TÉRMINO DE MATERIA
Término de materia o nombre geográfico como elemento de entrada Balnearios.
9 (RLIN) 135661
651 #4 - PUNTO DE ACCESO ADICIONAL DE MATERIA--NOMBRE GEOGRÁFICO
Nombre geográfico Carrataca (Málaga)
9 (RLIN) 137085
752 ## - ENTRADA AGREGADA--NOMBRE JERÁRQUICO DEL LUGAR
País o entidad superior España -
Ciudad Madrid
852 ## - LOCALIZACIÓN
Ubicación ES-MaACL
Número de control de estantería T-684-F-8
Nota libre -- Enc. hol., conservando la enc. original
-- -- Enc. en un vol. facticio
Encuadernación -- T245: Corregir el lugar de los baños: Es Carratraca y no Carrataca
Holdings
Estatus retirado Estado de pérdida Estado de daño No para préstamo Colección Biblioteca de origen Biblioteca actual Ubicación en estantería Fecha de adquisición Total de préstamos Signatura topográfica completa Código de barras Visto por última vez Precio de reemplazo Tipo de ítem Koha
        Colección de folletos Biblioteca del Ateneo de Madrid Biblioteca del Ateneo de Madrid Depósito folletos 17/01/2008   T-684-F-8 1172368 23/02/2023 23/02/2023 Folleto